00801nam a22002055i 450000100060000000300090000600500170001500700030003200800410003504000200007610000580009624501130015425000120026726000870027930000270036650000380039385200220043199900170045395201250047053781ES-MaACL20250905063041.0t|960708s1872 sp ||||1| spa d aCAM bspa cCAM1 aFernández y González, Modesto, d1840-189995018413aLa hacienda de nuestros abuelos b: conferencias de aldea / cescritas por Modesto Fernández y González. a2ª ed. aMadrid : b[s.n., c1872?] (fimprenta de la Biblioteca de Instrucción y Recreo) a384, [3] p. ; c18 cm. aFecha de la introducción, 1872. aES-MaACLjG-10115 c53781d53781 001040708LIBXIXaATENEOMbATENEOMcSPP3d2008-01-17eSCl0oG-10115p1056518r2023-02-23 00:00:00w2023-02-23yMONANT